Predstavujeme vám základné informácie o Dánsku, Fínsku a Švédsku
Základné informácie o Dánsku, Fínsku a Švédsku. Pravidlá na vnútornom trhu v Dánsku. Špecifická črta fínskeho ekonomického života - bankový systém. Dovoz do Švédska liberalizovaný podľa pravidiel Európskej únie.
Salvato in:
| Autore principale: | |
|---|---|
| Natura: | Capitolo di libro |
| Lingua: | slovacco |
| Soggetti: | |
| Tags: |
Nessun Tag, puoi essere il primo ad aggiungerne!!
|
MARC
| LEADER | 00000naa a2200000 4500 | ||
|---|---|---|---|
| 001 | r040960 | ||
| 005 | 20230720102409.8 | ||
| 041 | 0 | |a slo | |
| 044 | |a SK | ||
| 245 | 1 | 0 | |a Predstavujeme vám |b základné informácie o Dánsku, Fínsku a Švédsku |c Gustav Bartovic |
| 520 | |a Základné informácie o Dánsku, Fínsku a Švédsku. Pravidlá na vnútornom trhu v Dánsku. Špecifická črta fínskeho ekonomického života - bankový systém. Dovoz do Švédska liberalizovaný podľa pravidiel Európskej únie. | ||
| 610 | 2 | 0 | |a situácia hospodárska |
| 610 | 2 | 0 | |a Dánsko |
| 610 | 2 | 0 | |a Fínsko |
| 610 | 2 | 0 | |a Švédsko |
| 610 | 2 | 0 | |a informácie |
| 610 | 2 | 0 | |a adresáre |
| 610 | 2 | 0 | |a trh vnútorný |
| 610 | 2 | 0 | |a obchod zahraničný |
| 610 | 2 | 0 | |a bankovníctvo |
| 610 | 2 | 0 | |a vývoz |
| 100 | 1 | |a Bartovic, Gustav | |